Statistics for 昭和・平成の大合併の間に合併で消滅した町

Click here to take the quiz!

General Stats

  • This quiz has been taken 16 times
    (9 since last reset)
  • The average score is 108 of 210

Answer Stats

消滅年月日市町村名都道府県合併後の市町村% Correct
西多摩郡五日市町東京都あきる野市
83%
1971/05/01刈羽郡北条町新潟県柏崎市
83%
1964/01/01信夫郡飯坂町福島県福島市
83%
1965/05/01安積郡安積町福島県郡山市
83%
双葉郡久之浜町
83%
1967/03/01札幌郡手稲町北海道札幌市
83%
加西郡北条町兵庫県加西市
83%
1967/04/03西筑摩郡福島町長野県西筑摩郡木曽福島町
83%
市原郡姉崎町
83%
1962/08/01西礪波郡石動町富山県小矢部市
83%
1971/04/25君津郡富津町千葉県富津市
83%
北多摩郡砂川町東京都立川市
83%
鹿角郡花輪町秋田県鹿角市
83%
安芸郡矢野町
83%
安佐郡可部町広島県広島市
83%
1985/03/20佐伯郡五日市町広島県広島市
83%
泉南郡東鳥取町
83%
西諸県郡加久藤町
67%
1967/04/01東置賜郡赤湯町山形県南陽市
67%
1967/01/15久米郡福渡町岡山県御津郡建部町
67%
西諸県郡真幸町
67%
1966/11/03西諸県郡飯野町宮崎県西諸県郡えびの町
67%
西加茂郡猿投町愛知県豊田市
67%
埴科郡松代町
67%
1987/11/30筑波郡谷田部町茨城県つくば市
67%
東礪波郡戸出町
67%
1988/03/01名取郡秋保町宮城県仙台市
67%
1995/09/01鹿島郡鹿島町茨城県鹿嶋市
67%
19630/8/15上川郡東旭川町北海道旭川市
67%
東置賜郡宮内町
67%
栗太郡瀬田町
67%
滋賀郡堅田町滋賀県大津市
67%
1972/04/01二戸郡福岡町岩手県二戸市
67%
1961/03/01泉北郡福泉町大阪府堺市
67%
宇佐郡長洲町
67%
宇佐郡宇佐町
67%
1974/04/20賀茂郡西条町東広島市
67%
葦北郡葦北町熊本県葦北郡芦北町
67%
1971/01/01周桑郡壬生川町愛媛県周桑郡東予町
67%
1972/10/20泉南郡南海町大阪府泉南郡阪南町
67%
周桑郡三芳町
67%
安房郡鴨川町
67%
1971/04/01空知郡江部乙町北海道滝川市
67%
1971/04/05糟屋郡志賀町福岡県福岡市
67%
鹿角郡十和田町
67%
1969/04/01知多郡上野町愛知県東海市
67%
1961/01/15小田郡小田町岡山県小田郡矢掛町
67%
市原郡五井町
67%
1963/04/10千葉郡泉町千葉県千葉市
67%
南佐久郡中込町
67%
1961/05/01札幌郡豊平町北海道札幌市
67%
1961/06/01知多郡内海町愛知県知多郡南知多町
67%
1961/06/29庵原郡興津町静岡県清水市
67%
夷隅郡長者町
67%
1962/06/01河北郡森本町石川県金沢市
67%
海草郡初島町和歌山県有田市
67%
北海部郡坂ノ市町
67%
1963/04/01稲葉郡那加町岐阜県各務原市
67%
稲葉郡稲羽町
67%
稲葉郡鵜沼町
67%
稲葉郡蘇原町
67%
愛知郡鳴海町愛知県名古屋市
67%
加西郡泉町
67%
市原郡市原町千葉県市原市
67%
1963/04/18下都賀郡間々田町栃木県小山市
67%
御調郡向東町広島県尾道市
50%
御津郡津高町
50%
1971/01/08御津郡一宮町岡山県岡山市
50%
安積郡日和田町
50%
西礪波郡砺中町
50%
葦北郡湯浦町
50%
1964/03/01碧海郡上郷町愛知県豊田市
50%
1970/11/01羽咋郡高浜町石川県羽咋郡志賀町
50%
安佐郡佐東町
50%
1970/09/28君津郡上総町千葉県君津郡君津町
50%
安佐郡高陽町
50%
1971/03/02上川郡東鷹栖町北海道旭川市
50%
小県郡塩田町長野県上田市
50%
1973/04/01小笠郡大浜町静岡県小笠郡大東町
50%
1969/07/15山武郡土気町千葉県千葉市
50%
知多郡横須賀町
50%
1969/03/01那賀郡国府町島根県浜田市
50%
愛知郡稲枝町滋賀県彦根市
50%
1968/04/01駿東郡原町静岡県富士市
50%
賀茂郡八本松町
50%
1967/12/21北秋田郡花矢町秋田県大館市
50%
吉備郡高松町
50%
安佐郡安古市町
50%
1967/09/01不破郡赤坂町岐阜県大垣市
50%
君津郡天羽町
50%
鹿角郡尾去沢町
50%
1963/05/01空知郡深川町北海道深川市
50%
1972/08/27安佐郡祇園町広島県広島市
50%
吉敷郡大内町山口県山口市
50%
1971/11/03君津郡平川町千葉県君津郡袖ケ浦町
50%
1971/09/10君津郡富来田町千葉県木更津市
50%
1971/09/01足羽郡足羽町福井県福井市
50%
1971/06/20安佐郡安佐町広島県広島市
50%
上道郡上道町岡山県岡山市
50%
1963/09/01西田川郡大山町山形県鶴岡市
50%
君津郡大佐和町
50%
都窪郡妹尾町
50%
1962/01/01深安郡深安町広島県福山市
50%
西彼杵郡茂木町長崎県長崎市
50%
安佐郡沼田町広島県広島市
50%
和気郡三石町
50%
和気郡備前町岡山県備前市
50%
足柄下郡橘町神奈川県小田原市
50%
1962/04/01宝飯郡形原町愛知県蒲郡市
50%
南河内郡登美丘町大阪府堺市
50%
安房郡長狭町
50%
1971/03/31安房郡江見町千葉県鴨川市
50%
1972/05/01長生郡本納町千葉県茂原市
50%
1967/10/01市原郡南総町千葉県市原市
50%
1967/07/30吉田郡森田町
50%
石城郡四倉町
50%
賀茂郡志和町
50%
宝飯郡西浦町蒲郡市
50%
磯城郡大三輪町奈良県桜井市
50%
1966/11/01富士郡鷹岡町静岡県富士市
50%
1984/12/01下伊那郡鼎町長野県飯田市
50%
市原郡三和町
50%
1987/11/01宮城郡宮城町宮城県仙台市
50%
南佐久郡野沢町長野県佐久市
50%
石城郡小川町
50%
1965/04/01婦負郡呉羽町富山県富山市
50%
1988/01/31筑波郡筑波町
50%
中新川郡水橋町富山県富山市
50%
空知郡山部町
50%
1965/04/15薩摩郡高城町鹿児島県川内市
50%
1991/04/01和賀郡和賀町岩手県北上市
50%
1993/07/01下伊那郡上郷町長野県飯田市
50%
田村郡田村町
50%
安積郡熱海町
50%
1961/03/31香美郡大宮町高知県香美郡香北町
50%
板野郡大麻町鳴門市
50%
1967/01/01名東郡国府町徳島県徳島市
50%
都窪郡茶屋町岡山県倉敷市
50%
大分郡大南町
50%
三井郡善導寺町福岡県久留米市
50%
宇佐郡駅川町大分県宇佐市
50%
知多郡大高町
50%
宇佐郡四日市町
50%
加西郡加西町
50%
1975/02/01深安郡加茂町福山市
50%
1964/06/01八重山郡大浜町琉球政府石垣市
50%
碧海郡桜井町安城市
50%
1963/03/31群馬郡倉賀野町群馬県高崎市
50%
入間郡西武町埼玉県入間市
50%
北佐久郡浅間町
50%
1964/12/01知多郡有松町愛知県名古屋市
50%
1967/03/23牡鹿郡稲井町宮城県石巻市
50%
賀茂郡高屋町
50%
1974/03/20児島郡東児町岡山県玉野市
33%
1974/11/01安芸郡安芸町広島市
33%
飽託郡天明町
33%
飽託郡飽田町
33%
多紀郡多紀町
33%
1973/03/20安芸郡瀬野川町広島県広島市
33%
飽託郡河内町
33%
1973/10/22高田郡白木町広島県広島市
33%
1961/04/01上川郡永山町北海道旭川市
33%
筑波郡大穂町
33%
1975/03/20安芸郡船越町広島県広島市
33%
1979/02/01印南郡志方町加古川市
33%
1975/03/28多紀郡城東町兵庫県多紀郡篠山町
33%
芦品郡駅家町
33%
1963/04/20西彼杵郡東長崎町長崎県長崎市
33%
1972/04/22吉備郡昭和町岡山県総社市
33%
嘉穂郡幸袋町
33%
1967/03/05揖保郡林田町兵庫県姫路市
33%
1967/02/01三潴郡筑邦町福岡県久留米市
33%
北諸県郡荘内町宮崎県都城市
33%
上高井郡若穂町
33%
嘉穂郡二瀬町福岡県飯塚市
33%
1966/10/16更級郡川中島町長野県長野市
33%
1966/10/01石城郡遠野町福島県いわき市
33%
知多郡師崎町
33%
1966/07/01木田郡山田町香川県高松市
33%
1966/06/01信夫郡松川町福島県福島町
33%
1966/05/01空知郡富良野町北海道富良野市
33%
1966/01/01都濃郡都濃町山口県徳山市
33%
1965/09/30下都賀郡桑絹町栃木県小山市
33%
1965/09/01碧海郡高岡町愛知県豊田市
33%
安積郡富久山町
33%
1964/10/15西牟婁郡牟婁町和歌山県田辺市
33%
1963/03/10大分郡大分町大分県大分市
33%
周智郡山梨町静岡県袋井市
33%
1962/10/01足利郡坂西町栃木県足利市
33%
庵原郡袖師町
33%
1961/08/01夷隅郡太東町千葉県岬町
33%
吉備郡足守町
33%
1971/03/08都窪郡吉備町岡山県岡山市
33%
君津郡小糸町
33%
市原郡市津町
33%
1970/04/01雨竜郡多度志町北海道深川市
33%
東加茂郡松平町愛知県豊田市
33%
1968/10/01信夫郡吾妻町福島県福島市
33%
西伯郡伯仙町鳥取県米子市
33%
1968/03/01上川郡神楽町北海道旭川市
33%
足利郡御厨町
33%
1962/10/15碧海郡六ツ美町愛知県岡崎市
33%
1963/01/01中郡西秦野町神奈川県秦野市
33%
1975/03/01早良郡早良町福岡県福岡市
17%
1974/04/01芦品郡芦田町広島県福山市
17%
1991/02/01飽託郡北部町熊本県熊本市
17%
1967/05/17坂井郡川西町福井県福井市
17%
1966/02/10東礪波郡中田町富山県高岡市
17%
知多郡豊浜町
17%
筑波郡豊里町
17%

Score Distribution

Percentile by Number Answered

Percent of People with Each Score

Your Score History

You have not taken this quiz since the last reset